Un test de "Englobamiento" para dos modelos de la balanza comercial Argentina. (Registro nro. 15122)
[ vista simple ]
| 000 -LEADER | |
|---|---|
| fixed length control field | 00355 a2200109 4500 |
| 001 - CONTROL NUMBER | |
| control field | ART_17819 |
| 005 - DATE AND TIME OF LATEST TRANSACTION | |
| control field | 20260410161700.0 |
| 008 - FIXED-LENGTH DATA ELEMENTS--GENERAL INFORMATION | |
| fixed length control field | 260409a |
| 100 1# - MAIN ENTRY--PERSONAL NAME | |
| Personal name | Ahumada, Hildegart |
| 245 10 - TITLE STATEMENT | |
| Title | Un test de "Englobamiento" para dos modelos de la balanza comercial Argentina. |
| 773 0# - HOST ITEM ENTRY | |
| Title | Ensayos Económicos |
| Related parts | - Nº 33 (mar. 1985) |
| Record control number | REV620 |
No hay ítems disponibles.